000 01212nam a22003497a 4500
003 CHAP
005 20220329142441.0
008 010301d2001 mx r 00110 spa d
010 _a83678
011 _a84650
035 _a95175
040 _cCHAP
090 _aTesis
100 0 0 _aSoriano Vargas, Gerardo.
_9108775
245 1 0 _aUso de la gallinaza en la alimentación de cerdos en finalización
_c/por Gerardo Soriano Vargas
260 _aChapingo, Méx. :
_bEl autor,
_c2001.
300 _a38 h.
502 _aTesis (Ing. Agr. Zootecnista) -- UACH. Departamento de Zootecnia
590 _aALEPH
_b10
_c20130110
_lUCH01
_h1441
590 _aBATCH-UPD
_b10
_c20130110
_lUCH01
_h1343
590 _aBATCH-UPD
_b10
_c20130410
_lUCH01
_h0843
590 _aBATCH-UPD
_b10
_c20130914
_lUCH01
_h1453
590 _aCONVERSION
_b10
_c20130109
_lUCH01
_h1346
650 1 4 _aGallinaza en alimentación animal.
_944446
650 1 4 _aGanado porcino
_xAlimentación.
_945329
650 1 4 _aGanado porcino
_xEngorda.
_945362
901 _aBK
905 _aMayto Villalobos S.
942 _cFOLL
949 _aTesis
_bBC
_cTES
_d33724000816807
_eTS2
_fc.2
_h37970
_i95175
_si
949 _aTesis
_bBC
_cTES
_d951751
_eTS1
_h37969
_i95175
_sb
999 _c83678
_d83678